| 000 | 00806nam a22001937a 4500 | ||
|---|---|---|---|
| 999 |
_c7887 _d7887 |
||
| 005 | 20240514120416.0 | ||
| 008 | 240514b ||||| |||| 00| 0 eng d | ||
| 020 | _a9788412778885 | ||
| 040 | _aCDMR | ||
| 100 | 1 |
_91228 _aSoler, Valentí |
|
| 245 |
_aJust Cabot i les veus vives de l'exili _c/ Valentí Soler ; pròleg del Molt Honorable Quim Torra i Pla |
||
| 260 |
_aBadalona _b: Pont del Petroli, _c2024 |
||
| 300 | _a243 pàgines | ||
| 505 | _aTambé conté informació sobre aquests periodistes i caricaturistes: Ernest Guasp Garcia, Sebastià Gasch, Josep Esteve Bartrina i Vilaró, José María Quiroga Plá, Jaume Passarell. | ||
| 600 | 1 | 0 |
_91226 _aCabot, Just |
| 650 | 0 |
_93636 _aExiliats _zCatalunya _y1939-1945 |
|
| 650 | 0 |
_93172 _aPeriodisme _zCatalunya _xHistòria _y1939-1945 |
|
| 942 |
_2udc _cMON |
||